| 000 | 00949nam a22001817a 4500 | ||
|---|---|---|---|
| 003 | OSt | ||
| 005 | 20260327095112.0 | ||
| 008 | 240729b |||||||| |||| 00| 0 eng d | ||
| 041 | _aEnglish | ||
| 082 | _aCR/LLC/15 Acc.no.:9350 C1 | ||
| 100 | _aDONKOR; Kwabena | ||
| 110 | _aMinistry Of Power | ||
| 245 | _a Renegotiated And Enhanced Terms Of The Build Own Operate And Transfer (BOOT) Agreement Between The Government Of Ghana Represented By The Ministry Of Power And Africa & Middle East Resources Investment Group (Ameri Energy) LLC. | ||
| 260 |
_aAccra _bMinistry Of Power _c2015 |
||
| 300 | _a5p., 49p., 12p., 31p., diagrams, tabs.; | ||
| 653 | _a1. Renegotiated And Enhanced Terms Of The Build Own Operate And Transfer (BOOT) 2. Agreement Between The Government Of Ghana Represented By The Ministry Of Power And Africa & Middle East Resources Investment Group (Ameri Energy) LLC. 3. Novation And Amendment Agreement . | ||
| 942 |
_2ddc _cMOU _n0 |
||
| 999 |
_c4254 _d4254 |
||